Statistics for Rivers going through European Capital Cities: name the Capital

Click here to take the quiz!

General Stats

  • This quiz has been taken 461 times
  • The average score is 21 of 38

Answer Stats

zzzzRIVERzzzzCAPITAL CITY% Correct
ThamesLondon
92%
SeineParis
91%
MoskvaMoscow
87%
TiberRome
85%
AmstelAmsterdam
84%
LiffeyDublin
77%
Ljublanica/SavaLjubljana
77%
DanubeBudapest
76%
DnieperKiev
75%
DanubeVienna
72%
DanubeBratislava
71%
Danube/SavaBelgrade
70%
VistulaWarsaw
69%
KifissosAthens
67%
SpreeBerlin
66%
TagusLisbon
65%
Neris/VilniaVilnius
63%
ManzanaresMadrid
62%
NorrstromStockholm
60%
Ishem/Tirane/LaneTirana
60%
RhineVaduz
55%
VltavaPrague
52%
SavaZagreb
48%
VantaaHelsinki
45%
DaugavaRiga
45%
AareBern
38%
Alzette/PretusseLuxembourg
37%
Gran ValiraAndorra La Vella
33%
ZenneBrussels
33%
AkerselvaOslo
33%
MiljackaSarajevo
31%
VardarSkopje
30%
Vladaiska/Perlovska/IskarSofia
30%
DambovitaBucharest
29%
SvislachMinsk
28%
EllioaaReykjavik
26%
BicChisinau
24%
PiritaTallinn
22%

Score Distribution

Percentile by Number Answered

Percent of People with Each Score

Your Score History

You have not taken this quiz